| 000 | 00453nam a2200181Ia 4500 | ||
|---|---|---|---|
| 008 | 240925s9999 xx 000 0 und d | ||
| 020 | _a8125910379 | ||
| 082 | _a629.83 SIV | ||
| 100 | _aSivanandam, S. N. | ||
| 245 | 0 | _aControl system engineering | |
| 250 | _aNA | ||
| 260 |
_aIndia: _bVikar Publisher House _c,2001. |
||
| 300 |
_aix,422p. _bNA _fOriginal |
||
| 500 | _aNA | ||
| 600 | _aEngineering Technology | ||
| 650 | _aTechnology | ||
| 942 | _cBK | ||
| 999 |
_c7452 _d7452 |
||